Derechos políticos de las mujeres en América : memoria Seminario Internacional /

Guardado en:
Detalles Bibliográficos
Autor corporativo: Seminario Internacional Los Derechos Políticos de las Mujeres en América ( México)
Formato: Procedimiento de la conferencia Libro
Idioma:Español
Colección:(Escenarios ; 14)
Temas:
Etiquetas: Agrega una etiqueta
Sin etiquetas, Sé el primero en etiquetar este registro!

MARC

LEADER 00000nam^a2200000^a^4500
001 000183789
005 20250521000000.0
009 20260310102051.603
020 |a 970-727-018-7 
037 |a Acervo ITESO - Biblioteca 
041 |a ESP 
082 |a 323. 340980  |b SEM 2003 
111 |a Seminario Internacional Los Derechos Políticos de las Mujeres en América (  |n 1º :  |d 2003 :  |c México) 
245 1 0 |a Derechos políticos de las mujeres en América :  |b memoria Seminario Internacional /  |c Presen. de Lucero Saldaña Pérez. 
264 |a México :  |b Congreso de la Unión, Cámara de Senadores, LIX Legislatura,  |c 2004 
300 |a 280 p. 
336 |a texto  |b txt  |2 rdacontenido 
337 |a sin mediación  |b n  |2 rdamedio 
338 |a volumen  |b nc  |2 rdasoporte 
440 1 |a (Escenarios ;  |v 14) 
649 |a XX 
650 |a Mujeres -  |z Latinoamérica -  |x Condiciones Políticas 
650 |a Género -  |z México -  |x Aspectos Políticos 
650 |a Género -  |z Latinoamérica -  |x Aspectos Políticos 
650 |a Derechos Políticos -  |z Latinoamérica 
650 |a Representación Política -  |z Latinoamérica 
650 |a Democracia -  |z Latinoamérica 
650 |a Igualdad y Desigualdad -  |z Latinoamérica 
650 |a Organizaciones No Gubernamentales -  |z Latinoamérica 
650 |a Política -  |z Latinoamérica 
910 |a Fondo General 
920 |a Impresos - Libros 
930 |a Colección General 
905 |a 101 
901 |a 0500124563  |b IT1  |c ACC  |u 20250521 
902 |a https://opac.biblio.iteso.mx/vufind/Record/000183789